00351 a2200145 4500003000400000005001700004008004100021020001800062040000900080082001800089100001600107245004600123260002700169300000900196OSt20231109105904.0231109b |||||||| |||| 00| 0 eng d a9788194163756 coclc a954.83bKOD/A aKodoor, A K aAnglo - mappila yudham 1921 /cA K Kodoor aKerala:bGrace,c2020. a405p